ARRUPE JESUIT UNIVERSITY

CORONAVIRUS -STOP THE SPREAD - CLEAN,DISINFECT,COVER

The elements of ethics / (Record no. 118024)

MARC details
000 -LEADER
fixed length control field 01011cam a2200277 a 4500
001 - CONTROL NUMBER
control field 582643
003 - CONTROL NUMBER IDENTIFIER
control field ARRUPE
005 - DATE AND TIME OF LATEST TRANSACTION
control field 20130924185246.0
008 - FIXED-LENGTH DATA ELEMENTS--GENERAL INFORMATION
fixed length control field 900820s1991 pau b 001 0 eng
010 ## - LIBRARY OF CONGRESS CONTROL NUMBER
LC control number 90046948
020 ## - INTERNATIONAL STANDARD BOOK NUMBER
International Standard Book Number 0877227705 (alk. paper) :
Terms of availability $59.95
040 ## - CATALOGING SOURCE
Original cataloging agency DLC
Transcribing agency DLC
Modifying agency DLC
050 00 - LIBRARY OF CONGRESS CALL NUMBER
Classification number B1647.M73
Item number E43 1991
082 00 - DEWEY DECIMAL CLASSIFICATION NUMBER
Classification number 170
Edition number 20
300 ## - PHYSICAL DESCRIPTION
Dimensions 24 cm.
100 1# - MAIN ENTRY--PERSONAL NAME
Personal name Moore, G. E.
Fuller form of name (George Edward),
Dates associated with a name 1873-1958.
9 (RLIN) 1184
245 14 - TITLE STATEMENT
Title The elements of ethics /
Statement of responsibility, etc G.E. Moore ; edited and with an introduction by Tom Regan.
260 ## - PUBLICATION, DISTRIBUTION, ETC. (IMPRINT)
Place of publication, distribution, etc Philadelphia :
Name of publisher, distributor, etc Temple University Press,
Date of publication, distribution, etc 1991.
300 ## - PHYSICAL DESCRIPTION
Extent xliii, 200 p. ;
504 ## - BIBLIOGRAPHY, ETC. NOTE
Bibliography, etc Includes bibliographical references and index.
600 10 - SUBJECT ADDED ENTRY--PERSONAL NAME
Personal name Moore, G. E.
Fuller form of name (George Edward),
Dates associated with a name 1873-1958
General subdivision Ethics.
9 (RLIN) 1185
650 #0 - SUBJECT ADDED ENTRY--TOPICAL TERM
Topical term or geographic name as entry element Ethics.
9 (RLIN) 1186
700 1# - ADDED ENTRY--PERSONAL NAME
Personal name Regan, Tom.
9 (RLIN) 1187
906 ## - LOCAL DATA ELEMENT F, LDF (RLIN)
a 7
b cbc
c orignew
d 1
e ocip
f 19
g y-gencatlg
942 ## - ADDED ENTRY ELEMENTS (KOHA)
Source of classification or shelving scheme Library of Congress Classification
Koha item type Monograph ( Printed materials)
Holdings
Withdrawn status Lost status Source of classification or shelving scheme Damaged status Not for loan Home library Current library Date acquired Total Checkouts Full call number Barcode Date last seen Price effective from Koha item type
    Library of Congress Classification     ARRUPE LIBRARY ARRUPE LIBRARY 24/09/2013   B1647.M73 E43 1991 46411392 24/09/2013 24/09/2013 Monograph ( Printed materials)

 

Arrupe Library. PO Box MP320 Mt Pleasant, Harare, Zimbabwe
263 242 745411|librarian@aju.ac.zw